| 000 | 00696nac a22001811u 4500 | ||
|---|---|---|---|
| 008 | 100907s1998 enk|||||r|||| 00| 0 eng d | ||
| 010 | _a97040612 | ||
| 020 | _a0201177676 (alk. paper) | ||
| 082 | 0 | 0 |
_a005.4475 _bB1281 _222 |
| 100 |
_aBacon, Jean. _918608 |
||
| 245 | 1 | 0 |
_aConcurrent systems : _boperating systems, database and distributed systems--an integrated approach / _cJean Bacon. |
| 250 | _a2nd ed. | ||
| 260 |
_aHarlow, England ; _aReading, Mass. : _bAddison-Wesley, _c1998. |
||
| 300 |
_axxx, 719 p. : _bill. ; _c24 cm. |
||
| 440 | 0 |
_aInternational computer science series _918609 |
|
| 650 | 0 |
_aParallel processing (Electronic computers) _918610 |
|
| 942 |
_cBB _k005.4475B1281 _2ddc |
||
| 999 |
_c453 _d453 |
||